000
00276nam a2200121Ia 4500
008
190216s9999||||xx |||||||||||||| ||und||
100
_a
Kochubava T.V
245
0
_a
Onnangane Onningane
260
_b
Poorna Pubs Kozhikode
300
_a
101
650
_a
Kathakal
942
_c
BK
999
_c
27523
_d
27523